000 00534nam a2200169 i 4500
001 88413
003 ES-MaACL
005 20230906175845.0
007 t|
008 050104s1979 sp ||||1| spa d
100 1 _aLandes, David S.
_969945
245 1 0 _aProgreso tecnológico y revolución industrial /
_cDavid S. Landes ; [traducción por Francisca Antolín Fargas].
260 _aMadrid :
_bTecnos,
_c[1979]
300 _a604 p. ;
_c23 cm.
700 1 _aAntolín Fargas, Francisca.
_921921
852 _aES-MaACL
_jA-10320
_bR.99293
999 _c88413
_d88413